Optimalizácia ochranného tienenia synchrotrónového urýchľovača protónov ProTom na zvýšenie energie protónov z 250 na 330 MeV
Salvato in:
| Autore principale: | |
|---|---|
| Altri autori: | , , , , , |
| Natura: | Capitolo di libro |
| Lingua: | slovacco |
| Tags: |
Nessun Tag, puoi essere il primo ad aggiungerne!!
|
MARC
| LEADER | 00000naa$a2200000$$$4500 | ||
|---|---|---|---|
| 001 | 0281192 | ||
| 005 | 20240502083903.7 | ||
| 041 | 0 | |a slo | |
| 044 | |a CZ | ||
| 245 | 1 | 0 | |a Optimalizácia ochranného tienenia synchrotrónového urýchľovača protónov ProTom na zvýšenie energie protónov z 250 na 330 MeV |
| 500 | |a abstrakt | ||
| 100 | 1 | |a Šagátová, Andrea | |
| 700 | 1 | |a Fülöp, Marko | |
| 700 | 1 | |a Jurčo, Milan | |
| 700 | 1 | |a Pajdhauser, Ivo | |
| 700 | 1 | |a Ragan, Pavol | |
| 700 | 1 | |a Ružička, Ján | |
| 700 | 1 | |a Foltínová, Ľubica, 1975- | |